A textbook of engineering Mathematics II (Record no. 5618)
[ view plain ]
| 000 -LEADER | |
|---|---|
| fixed length control field | 00386nam a2200157Ia 4500 |
| 008 - FIXED-LENGTH DATA ELEMENTS--GENERAL INFORMATION | |
| fixed length control field | 230711s9999||||xx |||||||||||||| ||und|| |
| 041 ## - LANGUAGE CODE | |
| Language code of text/sound track or separate title | ENG |
| 082 ## - DEWEY DECIMAL CLASSIFICATION NUMBER | |
| Classification number | 510 |
| Item number | BA-E |
| 100 ## - MAIN ENTRY--PERSONAL NAME | |
| Personal name | Bali,N.P |
| 245 #2 - TITLE STATEMENT | |
| Title | A textbook of engineering Mathematics II |
| 250 ## - EDITION STATEMENT | |
| Edition statement | 8th Ed. |
| 260 ## - PUBLICATION, DISTRIBUTION, ETC. | |
| Date of publication, distribution, etc. | 2013 |
| Place of publication, distribution, etc. | New Delhi |
| Name of publisher, distributor, etc. | Laxmi Publications(P) Ltd |
| 300 ## - PHYSICAL DESCRIPTION | |
| Extent | 444p. |
| 650 ## - SUBJECT ADDED ENTRY--TOPICAL TERM | |
| Topical term or geographic name entry element | Mathematics |
| 942 ## - ADDED ENTRY ELEMENTS (KOHA) | |
| Koha item type | Book |
| Withdrawn status | Lost status | Damaged status | Not for loan | Collection | Home library | Current library | Date acquired | Total checkouts | Full call number | Barcode | Date last seen | Date last checked out | Price effective from | Koha item type | Date due | Total renewals |
|---|---|---|---|---|---|---|---|---|---|---|---|---|---|---|---|---|
| MRSPTU Central Library | MRSPTU Central Library | 5 | 510 BA-E | 26004 | 08/27/2024 | 08/12/2024 | 08/17/2023 | Book | ||||||||
| MRSPTU Central Library | MRSPTU Central Library | 13 | 510 BA-E | 26005 | 01/30/2025 | 12/02/2024 | 08/17/2023 | Book | ||||||||
| MRSPTU Central Library | MRSPTU Central Library | 2 | 510 BA-E | 26006 | 01/06/2026 | 12/22/2025 | 08/17/2023 | Book | ||||||||
| MRSPTU Central Library | MRSPTU Central Library | 4 | 510 BA-E | 26007 | 12/31/2024 | 12/20/2024 | 08/17/2023 | Book | ||||||||
| MRSPTU Central Library | MRSPTU Central Library | 2 | 510 BA-E | 26008 | 11/20/2025 | 09/09/2025 | 08/17/2023 | Book | ||||||||
| MRSPTU Central Library | MRSPTU Central Library | 510 BA-E | 26009 | 08/17/2023 | 08/17/2023 | Book | ||||||||||
| MRSPTU Central Library | MRSPTU Central Library | 12 | 510 BA-E | 26010 | 06/30/2025 | 04/17/2025 | 08/17/2023 | Book | ||||||||
| MRSPTU Central Library | MRSPTU Central Library | 5 | 510 BA-E | 26011 | 10/13/2025 | 09/09/2025 | 08/17/2023 | Book | ||||||||
| MRSPTU Central Library | MRSPTU Central Library | 2 | 510 BA-E | 26012 | 03/28/2024 | 02/28/2024 | 08/17/2023 | Book | ||||||||
| MRSPTU Central Library | MRSPTU Central Library | 2 | 510 BA-E | 26013 | 01/08/2024 | 11/03/2023 | 08/17/2023 | Book | ||||||||
| MRSPTU Central Library | MRSPTU Central Library | 4 | 510 BA-E | 26014 | 08/12/2025 | 01/03/2025 | 08/17/2023 | Book | ||||||||
| MRSPTU Central Library | MRSPTU Central Library | 4 | 510 BA-E | 26015 | 01/08/2025 | 12/02/2024 | 08/17/2023 | Book | ||||||||
| MRSPTU Central Library | MRSPTU Central Library | 9 | 510 BA-E | 26016 | 02/20/2026 | 02/20/2026 | 08/17/2023 | Book | 03/13/2026 | |||||||
| MRSPTU Central Library | MRSPTU Central Library | 9 | 510 BA-E | 26017 | 01/20/2026 | 11/21/2025 | 08/17/2023 | Book | ||||||||
| MRSPTU Central Library | MRSPTU Central Library | 7 | 510 BA-E | 26018 | 01/08/2024 | 12/13/2023 | 08/17/2023 | Book | ||||||||
| MRSPTU Central Library | MRSPTU Central Library | 2 | 510 BA-E | 26019 | 05/26/2025 | 04/22/2025 | 08/17/2023 | Book | ||||||||
| MRSPTU Central Library | MRSPTU Central Library | 6 | 510 BA-E | 26020 | 01/03/2025 | 12/17/2024 | 08/17/2023 | Book | ||||||||
| MRSPTU Central Library | MRSPTU Central Library | 1 | 510 BA-E | 26021 | 11/07/2024 | 10/07/2024 | 08/17/2023 | Book | ||||||||
| MRSPTU Central Library | MRSPTU Central Library | 8 | 510 BA-E | 26022 | 01/15/2026 | 12/19/2025 | 08/17/2023 | Book | ||||||||
| MRSPTU Central Library | MRSPTU Central Library | 510 BA-E | 26023 | 08/17/2023 | 08/17/2023 | Book | ||||||||||
| MRSPTU Central Library | MRSPTU Central Library | 6 | 510 BA-E | 26024 | 03/20/2025 | 02/28/2025 | 08/17/2023 | Book | ||||||||
| MRSPTU Central Library | MRSPTU Central Library | 7 | 510 BA-E | 26025 | 01/07/2025 | 12/13/2024 | 08/17/2023 | Book | ||||||||
| MRSPTU Central Library | MRSPTU Central Library | 6 | 510 BA-E | 26026 | 01/07/2025 | 12/18/2024 | 08/17/2023 | Book | ||||||||
| MRSPTU Central Library | MRSPTU Central Library | 10 | 510 BA-E | 26027 | 04/24/2026 | 04/24/2026 | 08/17/2023 | Book | 05/15/2026 | |||||||
| MRSPTU Central Library | MRSPTU Central Library | 4 | 510 BA-E | 26028 | 09/27/2024 | 09/05/2024 | 08/17/2023 | Book | ||||||||
| MRSPTU Central Library | MRSPTU Central Library | 510 BA-E | 26029 | 08/17/2023 | 08/17/2023 | Book | ||||||||||
| MRSPTU Central Library | MRSPTU Central Library | 1 | 510 BA-E | 26030 | 01/20/2025 | 12/10/2024 | 08/17/2023 | Book | ||||||||
| MRSPTU Central Library | MRSPTU Central Library | 1 | 510 BA-E | 26031 | 01/20/2025 | 12/02/2024 | 08/17/2023 | Book | ||||||||
| MRSPTU Central Library | MRSPTU Central Library | 2 | 510 BA-E | 26032 | 10/05/2023 | 09/12/2023 | 08/17/2023 | Book | ||||||||
| MRSPTU Central Library | MRSPTU Central Library | 2 | 510 BA-E | 26033 | 09/16/2025 | 08/26/2025 | 08/17/2023 | Book | ||||||||
| MRSPTU Central Library | MRSPTU Central Library | 3 | 510 BA-E | 26034 | 04/07/2026 | 03/16/2026 | 08/17/2023 | Book | ||||||||
| MRSPTU Central Library | MRSPTU Central Library | 6 | 510 BA-E | 26035 | 11/22/2024 | 10/09/2024 | 08/17/2023 | Book | 2 | |||||||
| MRSPTU Central Library | MRSPTU Central Library | 2 | 510 BA-E | 26036 | 01/29/2024 | 12/26/2023 | 08/17/2023 | Book | ||||||||
| MRSPTU Central Library | MRSPTU Central Library | 510 BA-E | 26037 | 08/17/2023 | 08/17/2023 | Book | ||||||||||
| MRSPTU Central Library | MRSPTU Central Library | 8 | 510 BA-E | 26038 | 01/15/2026 | 12/18/2025 | 08/17/2023 | Book | ||||||||
| MRSPTU Central Library | MRSPTU Central Library | 5 | 510 BA-E | 26039 | 03/06/2026 | 02/09/2026 | 08/17/2023 | Book | ||||||||
| MRSPTU Central Library | MRSPTU Central Library | 5 | 510 BA-E | 26040 | 02/10/2026 | 01/21/2026 | 08/17/2023 | Book | ||||||||
| MRSPTU Central Library | MRSPTU Central Library | 1 | 510 BA-E | 26041 | 06/14/2024 | 01/29/2024 | 08/17/2023 | Book | ||||||||
| MRSPTU Central Library | MRSPTU Central Library | 19 | 510 BA-E | 26042 | 03/21/2025 | 03/21/2025 | 08/17/2023 | Book | 04/17/2025 | 1 | ||||||
| MRSPTU Central Library | MRSPTU Central Library | 2 | 510 BA-E | 26043 | 01/08/2024 | 01/03/2024 | 08/17/2023 | Book | ||||||||
| MRSPTU Central Library | MRSPTU Central Library | 14 | 510 BA-E | 26044 | 12/18/2025 | 11/28/2025 | 08/17/2023 | Book | ||||||||
| MRSPTU Central Library | MRSPTU Central Library | 1 | 510 BA-E | 26045 | 03/24/2025 | 02/28/2025 | 08/17/2023 | Book | ||||||||
| MRSPTU Central Library | MRSPTU Central Library | 2 | 510 BA-E | 26046 | 09/06/2024 | 04/12/2024 | 08/17/2023 | Book | ||||||||
| MRSPTU Central Library | MRSPTU Central Library | 7 | 510 BA-E | 26047 | 01/03/2025 | 11/27/2024 | 08/17/2023 | Book | ||||||||
| MRSPTU Central Library | MRSPTU Central Library | 3 | 510 BA-E | 26048 | 06/18/2024 | 02/26/2024 | 08/17/2023 | Book | ||||||||
| MRSPTU Central Library | MRSPTU Central Library | 5 | 510 BA-E | 26049 | 04/20/2026 | 02/25/2026 | 08/17/2023 | Book | ||||||||
| MRSPTU Central Library | MRSPTU Central Library | 8 | 510 BA-E | 26050 | 01/03/2025 | 12/17/2024 | 08/17/2023 | Book | ||||||||
| MRSPTU Central Library | MRSPTU Central Library | 4 | 510 BA-E | 26051 | 01/03/2025 | 10/25/2024 | 08/17/2023 | Book | ||||||||
| MRSPTU Central Library | MRSPTU Central Library | 6 | 510 BA-E | 26052 | 06/19/2025 | 04/30/2025 | 08/17/2023 | Book | ||||||||
| MRSPTU Central Library | MRSPTU Central Library | 510 BA-E | 26053 | 08/17/2023 | 08/17/2023 | Book | ||||||||||
| MRSPTU Central Library | MRSPTU Central Library | 12 | 510 BA-E | 26054 | 03/25/2025 | 03/03/2025 | 08/17/2023 | Book | ||||||||
| MRSPTU Central Library | MRSPTU Central Library | 16 | 510 BA-E | 26055 | 02/07/2025 | 02/04/2025 | 08/17/2023 | Book | ||||||||
| MRSPTU Central Library | MRSPTU Central Library | 510 BA-E | 26056 | 08/17/2023 | 08/17/2023 | Book | ||||||||||
| MRSPTU Central Library | MRSPTU Central Library | 8 | 510 BA-E | 26057 | 12/31/2024 | 12/18/2024 | 08/17/2023 | Book | ||||||||
| MRSPTU Central Library | MRSPTU Central Library | 1 | 510 BA-E | 26058 | 02/24/2025 | 08/30/2023 | 08/17/2023 | Book | ||||||||
| MRSPTU Central Library | MRSPTU Central Library | 12 | 510 BA-E | 26059 | 03/05/2025 | 02/10/2025 | 08/17/2023 | Book | ||||||||
| MRSPTU Central Library | MRSPTU Central Library | 5 | 510 BA-E | 26060 | 12/31/2024 | 12/24/2024 | 08/17/2023 | Book | ||||||||
| MRSPTU Central Library | MRSPTU Central Library | 510 BA-E | 26061 | 08/17/2023 | 08/17/2023 | Book | ||||||||||
| MRSPTU Central Library | MRSPTU Central Library | 1 | 510 BA-E | 26062 | 11/14/2023 | 10/21/2023 | 08/17/2023 | Book | ||||||||
| MRSPTU Central Library | MRSPTU Central Library | 6 | 510 BA-E | 26063 | 01/21/2026 | 12/09/2025 | 08/17/2023 | Book | ||||||||
| MRSPTU Central Library | MRSPTU Central Library | 1 | 510 BA-E | 26064 | 05/22/2025 | 04/04/2025 | 08/17/2023 | Book | ||||||||
| MRSPTU Central Library | MRSPTU Central Library | 16 | 510 BA-E | 26065 | 09/29/2025 | 08/28/2025 | 08/17/2023 | Book | ||||||||
| MRSPTU Central Library | MRSPTU Central Library | 1 | 510 BA-E | 26066 | 12/26/2024 | 12/09/2024 | 08/17/2023 | Book | ||||||||
| MRSPTU Central Library | MRSPTU Central Library | 8 | 510 BA-E | 26067 | 01/03/2025 | 01/03/2025 | 08/17/2023 | Book | ||||||||
| MRSPTU Central Library | MRSPTU Central Library | 510 BA-E | 26068 | 08/17/2023 | 08/17/2023 | Book | ||||||||||
| MRSPTU Central Library | MRSPTU Central Library | 3 | 510 BA-E | 26069 | 04/15/2026 | 03/09/2026 | 08/17/2023 | Book | ||||||||
| MRSPTU Central Library | MRSPTU Central Library | 510 BA-E | 26070 | 08/17/2023 | 08/17/2023 | Book | ||||||||||
| MRSPTU Central Library | MRSPTU Central Library | 3 | 510 BA-E | 26071 | 02/05/2024 | 12/22/2023 | 08/17/2023 | Book | ||||||||
| MRSPTU Central Library | MRSPTU Central Library | 11 | 510 BA-E | 26072 | 08/12/2025 | 02/13/2025 | 08/17/2023 | Book | ||||||||
| MRSPTU Central Library | MRSPTU Central Library | 15 | 510 BA-E | 26073 | 11/24/2025 | 11/06/2025 | 08/17/2023 | Book | ||||||||
| MRSPTU Central Library | MRSPTU Central Library | 9 | 510 BA-E | 26074 | 04/20/2026 | 03/25/2026 | 08/17/2023 | Book | ||||||||
| MRSPTU Central Library | MRSPTU Central Library | 6 | 510 BA-E | 26075 | 06/28/2024 | 04/15/2024 | 08/17/2023 | Book | ||||||||
| MRSPTU Central Library | MRSPTU Central Library | 1 | 510 BA-E | 26076 | 02/05/2024 | 01/04/2024 | 08/17/2023 | Book | ||||||||
| MRSPTU Central Library | MRSPTU Central Library | 3 | 510 BA-E | 26077 | 01/08/2025 | 12/02/2024 | 08/17/2023 | Book | ||||||||
| MRSPTU Central Library | MRSPTU Central Library | 4 | 510 BA-E | 26078 | 01/08/2026 | 12/19/2025 | 08/17/2023 | Book | ||||||||
| MRSPTU Central Library | MRSPTU Central Library | 2 | 510 BA-E | 26079 | 10/06/2023 | 09/13/2023 | 08/17/2023 | Book | ||||||||
| MRSPTU Central Library | MRSPTU Central Library | 1 | 510 BA-E | 26080 | 08/27/2024 | 08/29/2023 | 08/17/2023 | Book | ||||||||
| MRSPTU Central Library | MRSPTU Central Library | 1 | 510 BA-E | 26081 | 09/12/2025 | 08/21/2025 | 08/17/2023 | Book | ||||||||
| MRSPTU Central Library | MRSPTU Central Library | 4 | 510 BA-E | 26082 | 11/29/2024 | 11/11/2024 | 08/17/2023 | Book | ||||||||
| MRSPTU Central Library | MRSPTU Central Library | 2 | 510 BA-E | 26083 | 06/14/2024 | 06/12/2024 | 08/17/2023 | Book | ||||||||
| MRSPTU Central Library | MRSPTU Central Library | 8 | 510 BA-E | 26084 | 03/05/2026 | 03/05/2026 | 08/17/2023 | Book | 03/26/2026 | |||||||
| MRSPTU Central Library | MRSPTU Central Library | 510 BA-E | 26085 | 02/05/2024 | 08/17/2023 | Book | ||||||||||
| MRSPTU Central Library | MRSPTU Central Library | 11 | 510 BA-E | 26086 | 04/01/2026 | 04/01/2026 | 08/17/2023 | Book | 04/22/2026 | |||||||
| MRSPTU Central Library | MRSPTU Central Library | 1 | 510 BA-E | 26087 | 02/09/2026 | 02/09/2026 | 08/17/2023 | Book | 03/02/2026 | |||||||
| MRSPTU Central Library | MRSPTU Central Library | 510 BA-E | 26088 | 08/17/2023 | 08/17/2023 | Book | ||||||||||
| MRSPTU Central Library | MRSPTU Central Library | 5 | 510 BA-E | 26089 | 09/12/2024 | 08/12/2024 | 08/17/2023 | Book | ||||||||
| MRSPTU Central Library | MRSPTU Central Library | 1 | 510 BA-E | 26090 | 09/21/2023 | 09/21/2023 | 08/17/2023 | Book | 10/07/2023 | |||||||
| MRSPTU Central Library | MRSPTU Central Library | 1 | 510 BA-E | 26091 | 01/21/2025 | 09/03/2024 | 08/17/2023 | Book | ||||||||
| MRSPTU Central Library | MRSPTU Central Library | 5 | 510 BA-E | 26092 | 12/20/2024 | 11/28/2024 | 08/17/2023 | Book | ||||||||
| MRSPTU Central Library | MRSPTU Central Library | 4 | 510 BA-E | 26093 | 07/30/2024 | 01/29/2024 | 08/17/2023 | Book | ||||||||
| MRSPTU Central Library | MRSPTU Central Library | 3 | 510 BA-E | 26094 | 01/02/2024 | 12/22/2023 | 08/17/2023 | Book | ||||||||
| MRSPTU Central Library | MRSPTU Central Library | 2 | 510 BA-E | 26095 | 06/28/2024 | 02/27/2024 | 08/17/2023 | Book | ||||||||
| MRSPTU Central Library | MRSPTU Central Library | 510 BA-E | 26096 | 08/17/2023 | 08/17/2023 | Book | ||||||||||
| MRSPTU Central Library | MRSPTU Central Library | 4 | 510 BA-E | 26097 | 03/21/2025 | 02/05/2025 | 08/17/2023 | Book | ||||||||
| MRSPTU Central Library | MRSPTU Central Library | 7 | 510 BA-E | 26098 | 03/20/2025 | 02/28/2025 | 08/17/2023 | Book | ||||||||
| MRSPTU Central Library | MRSPTU Central Library | 2 | 510 BA-E | 26099 | 03/28/2024 | 02/28/2024 | 08/17/2023 | Book | ||||||||
| MRSPTU Central Library | MRSPTU Central Library | 6 | 510 BA-E | 26100 | 01/08/2026 | 12/19/2025 | 08/17/2023 | Book | ||||||||
| MRSPTU Central Library | MRSPTU Central Library | 1 | 510 BA-E | 26101 | 01/08/2025 | 12/02/2024 | 08/17/2023 | Book | ||||||||
| MRSPTU Central Library | MRSPTU Central Library | 6 | 510 BA-E | 26102 | 04/04/2025 | 02/28/2025 | 08/17/2023 | Book | ||||||||
| MRSPTU Central Library | MRSPTU Central Library | 11 | 510 BA-E | 26103 | 01/16/2026 | 12/16/2025 | 08/17/2023 | Book | ||||||||
| MRSPTU Central Library | MRSPTU Central Library | 1 | 510 BA-E | 26104 | 01/07/2025 | 12/09/2024 | 08/17/2023 | Book | ||||||||
| MRSPTU Central Library | MRSPTU Central Library | 7 | 510 BA-E | 26105 | 01/07/2025 | 11/29/2024 | 08/17/2023 | Book | ||||||||
| MRSPTU Central Library | MRSPTU Central Library | 510 BA-E | 26106 | 08/17/2023 | 08/17/2023 | Book | ||||||||||
| MRSPTU Central Library | MRSPTU Central Library | 1 | 510 BA-E | 26107 | 12/01/2023 | 11/17/2023 | 08/17/2023 | Book | ||||||||
| MRSPTU Central Library | MRSPTU Central Library | 510 BA-E | 26108 | 08/17/2023 | 08/17/2023 | Book | ||||||||||
| MRSPTU Central Library | MRSPTU Central Library | 7 | 510 BA-E | 26109 | 10/13/2025 | 09/19/2025 | 08/17/2023 | Book | ||||||||
| MRSPTU Central Library | MRSPTU Central Library | 4 | 510 BA-E | 26110 | 09/24/2024 | 09/03/2024 | 08/17/2023 | Book | ||||||||
| MRSPTU Central Library | MRSPTU Central Library | 3 | 510 BA-E | 26111 | 11/14/2025 | 10/15/2025 | 08/17/2023 | Book | ||||||||
| MRSPTU Central Library | MRSPTU Central Library | 7 | 510 BA-E | 26112 | 01/13/2026 | 11/20/2025 | 08/17/2023 | Book | ||||||||
| MRSPTU Central Library | MRSPTU Central Library | 6 | 510 BA-E | 26113 | 03/24/2026 | 02/17/2026 | 08/17/2023 | Book | ||||||||
| MRSPTU Central Library | MRSPTU Central Library | 3 | 510 BA-E | 26114 | 03/18/2025 | 02/18/2025 | 08/17/2023 | Book | ||||||||
| MRSPTU Central Library | MRSPTU Central Library | 510 BA-E | 26115 | 08/17/2023 | 08/17/2023 | Book | ||||||||||
| MRSPTU Central Library | MRSPTU Central Library | 3 | 510 BA-E | 26116 | 12/31/2024 | 11/22/2024 | 08/17/2023 | Book | ||||||||
| MRSPTU Central Library | MRSPTU Central Library | 4 | 510 BA-E | 26117 | 09/16/2024 | 08/09/2024 | 08/17/2023 | Book | ||||||||
| MRSPTU Central Library | MRSPTU Central Library | 5 | 510 BA-E | 26118 | 05/26/2025 | 04/22/2025 | 08/17/2023 | Book | ||||||||
| MRSPTU Central Library | MRSPTU Central Library | 4 | 510 BA-E | 26119 | 03/14/2024 | 02/13/2024 | 08/17/2023 | Book | ||||||||
| MRSPTU Central Library | MRSPTU Central Library | 5 | 510 BA-E | 26120 | 12/31/2024 | 11/28/2024 | 08/17/2023 | Book | ||||||||
| MRSPTU Central Library | MRSPTU Central Library | 4 | 510 BA-E | 26121 | 09/17/2024 | 08/09/2024 | 08/17/2023 | Book | ||||||||
| MRSPTU Central Library | MRSPTU Central Library | 6 | 510 BA-E | 26122 | 01/12/2026 | 12/19/2025 | 08/17/2023 | Book | ||||||||
| MRSPTU Central Library | MRSPTU Central Library | 16 | 510 BA-E | 26123 | 03/17/2025 | 02/27/2025 | 08/17/2023 | Book | ||||||||
| MRSPTU Central Library | MRSPTU Central Library | 510 BA-E | 26124 | 08/17/2023 | 08/17/2023 | Book | ||||||||||
| MRSPTU Central Library | MRSPTU Central Library | 6 | 510 BA-E | 26125 | 09/26/2024 | 09/05/2024 | 08/17/2023 | Book | ||||||||
| MRSPTU Central Library | MRSPTU Central Library | 9 | 510 BA-E | 26126 | 04/07/2026 | 04/07/2026 | 08/17/2023 | Book | 04/28/2026 | |||||||
| MRSPTU Central Library | MRSPTU Central Library | 9 | 510 BA-E | 26127 | 01/08/2025 | 01/02/2025 | 08/17/2023 | Book | ||||||||
| MRSPTU Central Library | MRSPTU Central Library | 12 | 510 BA-E | 26128 | 11/17/2025 | 10/27/2025 | 08/17/2023 | Book | ||||||||
| MRSPTU Central Library | MRSPTU Central Library | 1 | 510 BA-E | 26129 | 11/28/2023 | 11/14/2023 | 08/17/2023 | Book | ||||||||
| MRSPTU Central Library | MRSPTU Central Library | 2 | 510 BA-E | 26130 | 10/15/2025 | 10/15/2025 | 08/17/2023 | Book | ||||||||
| MRSPTU Central Library | MRSPTU Central Library | 10 | 510 BA-E | 26131 | 02/06/2025 | 01/21/2025 | 08/17/2023 | Book | ||||||||
| MRSPTU Central Library | MRSPTU Central Library | 5 | 510 BA-E | 26132 | 01/10/2025 | 12/03/2024 | 08/17/2023 | Book | ||||||||
| MRSPTU Central Library | MRSPTU Central Library | 12 | 510 BA-E | 26133 | 12/31/2024 | 12/04/2024 | 08/17/2023 | Book | ||||||||
| MRSPTU Central Library | MRSPTU Central Library | 6 | 510 BA-E | 26134 | 03/11/2025 | 01/22/2025 | 08/17/2023 | Book | ||||||||
| MRSPTU Central Library | MRSPTU Central Library | 510 BA-E | 26135 | 08/17/2023 | 08/17/2023 | Book | ||||||||||
| MRSPTU Central Library | MRSPTU Central Library | 1 | 510 BA-E | 26136 | 06/19/2024 | 08/30/2023 | 08/17/2023 | Book | ||||||||
| MRSPTU Central Library | MRSPTU Central Library | 18 | 510 BA-E | 26137 | 03/11/2026 | 02/20/2026 | 08/17/2023 | Book | ||||||||
| MRSPTU Central Library | MRSPTU Central Library | 17 | 510 BA-E | 26138 | 12/31/2024 | 11/28/2024 | 08/17/2023 | Book | ||||||||
| MRSPTU Central Library | MRSPTU Central Library | 9 | 510 BA-E | 26139 | 03/20/2026 | 03/05/2026 | 08/17/2023 | Book | ||||||||
| MRSPTU Central Library | MRSPTU Central Library | 2 | 510 BA-E | 26140 | 03/21/2025 | 02/21/2025 | 08/17/2023 | Book | ||||||||
| MRSPTU Central Library | MRSPTU Central Library | 3 | 510 BA-E | 26141 | 04/01/2024 | 04/01/2024 | 08/17/2023 | Book | 04/16/2024 | |||||||
| MRSPTU Central Library | MRSPTU Central Library | 1 | 510 BA-E | 26142 | 01/03/2025 | 12/19/2024 | 08/17/2023 | Book | ||||||||
| MRSPTU Central Library | MRSPTU Central Library | 2 | 510 BA-E | 26143 | 02/02/2024 | 12/06/2023 | 08/17/2023 | Book | ||||||||
| MRSPTU Central Library | MRSPTU Central Library | 11 | 510 BA-E | 26144 | 04/02/2025 | 02/11/2025 | 08/17/2023 | Book | ||||||||
| MRSPTU Central Library | MRSPTU Central Library | 8 | 510 BA-E | 26145 | 09/30/2025 | 08/13/2025 | 08/17/2023 | Book | ||||||||
| MRSPTU Central Library | MRSPTU Central Library | 5 | 510 BA-E | 26146 | 05/26/2025 | 04/28/2025 | 08/17/2023 | Book | ||||||||
| MRSPTU Central Library | MRSPTU Central Library | 9 | 510 BA-E | 26147 | 04/15/2026 | 03/24/2026 | 08/17/2023 | Book | ||||||||
| MRSPTU Central Library | MRSPTU Central Library | 15 | 510 BA-E | 26148 | 03/27/2026 | 03/05/2026 | 08/17/2023 | Book | ||||||||
| MRSPTU Central Library | MRSPTU Central Library | 5 | 510 BA-E | 26149 | 03/18/2025 | 02/18/2025 | 08/17/2023 | Book | ||||||||
| MRSPTU Central Library | MRSPTU Central Library | 510 BA-E | 26150 | 08/17/2023 | 08/17/2023 | Book | ||||||||||
| MRSPTU Central Library | MRSPTU Central Library | 6 | 510 BA-E | 26151 | 01/31/2024 | 11/17/2023 | 08/17/2023 | Book | ||||||||
| MRSPTU Central Library | MRSPTU Central Library | 1 | 510 BA-E | 26152 | 01/08/2025 | 12/02/2024 | 08/17/2023 | Book | ||||||||
| MRSPTU Central Library | MRSPTU Central Library | 7 | 510 BA-E | 26153 | 02/17/2026 | 01/20/2026 | 08/17/2023 | Book | ||||||||
| MRSPTU Central Library | MRSPTU Central Library | 6 | 510 BA-E | 26154 | 03/21/2025 | 02/05/2025 | 08/17/2023 | Book | ||||||||
| MRSPTU Central Library | MRSPTU Central Library | 510 BA-E | 26155 | 08/17/2023 | 08/17/2023 | Book | ||||||||||
| MRSPTU Central Library | MRSPTU Central Library | 14 | 510 BA-E | 26156 | 04/09/2025 | 03/17/2025 | 08/17/2023 | Book | ||||||||
| MRSPTU Central Library | MRSPTU Central Library | 11 | 510 BA-E | 26157 | 01/12/2026 | 12/19/2025 | 08/17/2023 | Book | ||||||||
| MRSPTU Central Library | MRSPTU Central Library | 510 BA-E | 26158 | 08/17/2023 | 08/17/2023 | Book | ||||||||||
| MRSPTU Central Library | MRSPTU Central Library | 510 BA-E | 26159 | 08/17/2023 | 08/17/2023 | Book | ||||||||||
| MRSPTU Central Library | MRSPTU Central Library | 5 | 510 BA-E | 26160 | 08/20/2025 | 07/30/2025 | 08/17/2023 | Book | ||||||||
| MRSPTU Central Library | MRSPTU Central Library | 1 | 510 BA-E | 26161 | 02/05/2024 | 08/30/2023 | 08/17/2023 | Book | ||||||||
| MRSPTU Central Library | MRSPTU Central Library | 7 | 510 BA-E | 26162 | 06/25/2024 | 06/05/2024 | 08/17/2023 | Book | ||||||||
| MRSPTU Central Library | MRSPTU Central Library | 7 | 510 BA-E | 26163 | 12/31/2024 | 10/10/2024 | 08/17/2023 | Book | ||||||||
| MRSPTU Central Library | MRSPTU Central Library | 510 BA-E | 26164 | 02/19/2024 | 08/17/2023 | Book | ||||||||||
| MRSPTU Central Library | MRSPTU Central Library | 8 | 510 BA-E | 26165 | 01/21/2025 | 11/28/2024 | 08/17/2023 | Book | 1 | |||||||
| MRSPTU Central Library | MRSPTU Central Library | 1 | 510 BA-E | 26166 | 10/09/2024 | 09/11/2024 | 08/17/2023 | Book | ||||||||
| MRSPTU Central Library | MRSPTU Central Library | 5 | 510 BA-E | 26167 | 05/21/2025 | 08/23/2024 | 08/17/2023 | Book | ||||||||
| MRSPTU Central Library | MRSPTU Central Library | 510 BA-E | 26168 | 08/17/2023 | 08/17/2023 | Book | ||||||||||
| MRSPTU Central Library | MRSPTU Central Library | 12 | 510 BA-E | 26169 | 03/27/2025 | 03/18/2025 | 08/17/2023 | Book | ||||||||
| MRSPTU Central Library | MRSPTU Central Library | 2 | 510 BA-E | 26170 | 12/09/2025 | 12/09/2025 | 08/17/2023 | Book | 12/31/2025 | |||||||
| MRSPTU Central Library | MRSPTU Central Library | 13 | 510 BA-E | 26171 | 02/09/2026 | 08/14/2025 | 08/17/2023 | Book | ||||||||
| MRSPTU Central Library | MRSPTU Central Library | 510 BA-E | 26172 | 08/17/2023 | 08/17/2023 | Book | ||||||||||
| MRSPTU Central Library | MRSPTU Central Library | 2 | 510 BA-E | 26173 | 03/19/2024 | 02/27/2024 | 08/17/2023 | Book | ||||||||
| MRSPTU Central Library | MRSPTU Central Library | 4 | 510 BA-E | 26174 | 06/24/2024 | 04/02/2024 | 08/17/2023 | Book | ||||||||
| MRSPTU Central Library | MRSPTU Central Library | 4 | 510 BA-E | 26175 | 01/07/2025 | 11/28/2024 | 08/17/2023 | Book | ||||||||
| MRSPTU Central Library | MRSPTU Central Library | 5 | 510 BA-E | 26176 | 01/29/2024 | 11/30/2023 | 08/17/2023 | Book | ||||||||
| MRSPTU Central Library | MRSPTU Central Library | 2 | 510 BA-E | 26177 | 12/31/2024 | 12/20/2024 | 08/17/2023 | Book | ||||||||
| MRSPTU Central Library | MRSPTU Central Library | 7 | 510 BA-E | 26178 | 12/31/2024 | 11/28/2024 | 08/17/2023 | Book | ||||||||
| MRSPTU Central Library | MRSPTU Central Library | 7 | 510 BA-E | 26179 | 06/02/2025 | 04/17/2025 | 08/17/2023 | Book | ||||||||
| MRSPTU Central Library | MRSPTU Central Library | 8 | 510 BA-E | 26180 | 06/03/2025 | 05/13/2025 | 08/17/2023 | Book | ||||||||
| MRSPTU Central Library | MRSPTU Central Library | 13 | 510 BA-E | 26181 | 03/25/2026 | 03/09/2026 | 08/17/2023 | Book | ||||||||
| MRSPTU Central Library | MRSPTU Central Library | 4 | 510 BA-E | 26182 | 08/25/2025 | 08/04/2025 | 08/17/2023 | Book | ||||||||
| MRSPTU Central Library | MRSPTU Central Library | 3 | 510 BA-E | 26183 | 09/30/2024 | 09/05/2024 | 08/17/2023 | Book | ||||||||
| MRSPTU Central Library | MRSPTU Central Library | 10 | 510 BA-E | 26184 | 01/20/2025 | 11/27/2024 | 08/17/2023 | Book | ||||||||
| MRSPTU Central Library | MRSPTU Central Library | 7 | 510 BA-E | 26185 | 03/07/2025 | 03/04/2025 | 08/17/2023 | Book | 1 | |||||||
| MRSPTU Central Library | MRSPTU Central Library | 1 | 510 BA-E | 26186 | 09/20/2024 | 01/30/2024 | 08/17/2023 | Book | ||||||||
| MRSPTU Central Library | MRSPTU Central Library | 2 | 510 BA-E | 26187 | 01/09/2025 | 12/09/2024 | 08/17/2023 | Book | ||||||||
| MRSPTU Central Library | MRSPTU Central Library | 3 | 510 BA-E | 26188 | 01/08/2025 | 12/02/2024 | 08/17/2023 | Book | ||||||||
| MRSPTU Central Library | MRSPTU Central Library | 510 BA-E | 26189 | 08/17/2023 | 08/17/2023 | Book | ||||||||||
| MRSPTU Central Library | MRSPTU Central Library | 6 | 510 BA-E | 26190 | 01/07/2025 | 12/10/2024 | 08/17/2023 | Book | ||||||||
| MRSPTU Central Library | MRSPTU Central Library | 1 | 510 BA-E | 26191 | 01/13/2025 | 08/13/2024 | 08/17/2023 | Book | ||||||||
| MRSPTU Central Library | MRSPTU Central Library | 13 | 510 BA-E | 26192 | 01/08/2026 | 12/29/2025 | 08/17/2023 | Book | ||||||||
| MRSPTU Central Library | MRSPTU Central Library | 15 | 510 BA-E | 26193 | 06/23/2025 | 02/04/2025 | 08/17/2023 | Book | ||||||||
| MRSPTU Central Library | MRSPTU Central Library | 510 BA-E | 26194 | 08/17/2023 | 08/17/2023 | Book | ||||||||||
| MRSPTU Central Library | MRSPTU Central Library | 510 BA-E | 26195 | 08/17/2023 | 08/17/2023 | Book | ||||||||||
| MRSPTU Central Library | MRSPTU Central Library | 4 | 510 BA-E | 26196 | 01/15/2025 | 12/09/2024 | 08/17/2023 | Book | ||||||||
| MRSPTU Central Library | MRSPTU Central Library | 1 | 510 BA-E | 26197 | 01/15/2025 | 12/11/2024 | 08/17/2023 | Book | ||||||||
| MRSPTU Central Library | MRSPTU Central Library | 6 | 510 BA-E | 26198 | 03/06/2025 | 02/28/2025 | 08/17/2023 | Book | ||||||||
| MRSPTU Central Library | MRSPTU Central Library | 1 | 510 BA-E | 26199 | 03/22/2024 | 01/03/2024 | 08/17/2023 | Book | ||||||||
| MRSPTU Central Library | MRSPTU Central Library | 3 | 510 BA-E | 26200 | 02/14/2025 | 01/20/2025 | 08/17/2023 | Book | ||||||||
| MRSPTU Central Library | MRSPTU Central Library | 3 | 510 BA-E | 26201 | 12/31/2024 | 10/10/2024 | 08/17/2023 | Book | ||||||||
| MRSPTU Central Library | MRSPTU Central Library | 6 | 510 BA-E | 26202 | 01/14/2025 | 10/09/2024 | 08/17/2023 | Book | ||||||||
| MRSPTU Central Library | MRSPTU Central Library | 3 | 510 BA-E | 26203 | 02/14/2024 | 01/29/2024 | 08/17/2023 | Book |
